000 00546nam a22001817a 4500
999 _c160295
_d160295
005 20190406145046.0
010 _aENG-124643
020 _a9789385509131
_c499.00
035 _aEN-108175
037 _bDBAD/PUB
082 _a006.3
100 _aMukhi,Vijay
245 _aThe a.I.typhoon:
_cVijay Mukhi
_bindia's opportunity for job creation
_hEnglish
260 _aMumbai
_bIndus Source Books
_c2018
270 _aPO Box 6194,Malabar Hills PO
_bMumbai
_e400006
300 _a161p.
_c24cm.(Hb)
942 _2ddc
_cEN
_mAIT
_h006.3